[Event "LYM - Open Maîtres"]
[Site "Lausanne - Casino de Montbenon"]
[Date "2000.??.??"]
[Round "2"]
[White "Revuckij, Vladimir"]
[Black "D'Costa, Lorin"]
[Result "1/2-1/2"]
[WhiteElo "2223"]
[BlackElo "2083"]
[PlyCount "143"]
[EventDate "2000.??.??"]

1. c4 Nf6 2. Nc3 e6 3. e4 c5 4. Nf3 Nc6 5. Be2 d5 6. exd5 exd5 7. cxd5 Nxd5 8.
O-O Nc7 9. d3 Be7 10. Be3 Ne6 11. Rc1 O-O 12. Ne4 b6 13. a3 Bb7 14. Qd2 h6 15.
Ng3 f5 16. Nh5 Kh7 17. g3 Qd5 18. Nf4 Nxf4 19. gxf4 Rf6 20. h3 Rg6+ 21. Kh2 Bd6
22. Rg1 Ne7 23. Nh4 Rxg1 24. Rxg1 Qe6 25. d4 cxd4 26. Qxd4 Rg8 27. Bc4 Bd5 28.
Bxd5 Qxd5 29. Nxf5 Bxf4+ 30. Bxf4 Qxf5 31. Qe5 Qc2 32. Be3 Ng6 33. Qd4 Qc7+ 34.
Rg3 Re8 35. Qd3 Re6 36. h4 Qe5 37. Qd4 Qxd4 38. Bxd4 Re4 39. Bc3 Rxh4+ 40. Kg2
Nf4+ 41. Kf3 g5 42. Rg1 Rh3+ 43. Ke4 Ne2 44. Rd1 Nxc3+ 45. bxc3 Rh4+ 46. Ke5
Kg6 47. Rd6+ Kh5 48. Rd4 Rh3 49. Ra4 Rxc3 50. Rxa7 Rf3 51. Rb7 Rxa3 52. Rxb6
Rf3 53. Rb2 Kg4 54. Rb4+ Rf4 55. Rb1 Rxf2 56. Rh1 Re2+ 57. Kf6 Ra2 58. Rg1+ Kf3
59. Rh1 g4 60. Rf1+ Kg2 61. Rc1 g3 62. Kg6 Ra6+ 63. Kh5 Kh2 64. Rc3 g2 65. Rh3+
Kg1 66. Rb3 Rf6 67. Kh4 Kf2 68. Rb2+ Kf3 69. Rb3+ Ke4 70. Rg3 Rf2 71. Kh3 Rf3
72. Kxg2 1/2-1/2

[Event "LYM - Open Maîtres"]
[Site "Lausanne - Casino de Montbenon"]
[Date "2000.??.??"]
[Round "2"]
[White "Kappler, Jean-Marie"
[Black "Parnet, Arnaud"]
[Result "1/2-1/2"]
[WhiteElo "2248"]
[BlackElo "2030"]
[PlyCount "168"]

1. c4 c5 2. Nc3 Nc6 3. g3 Nf6 4. Bg2 g6 5. d3 Bg7 6. e4 d6 7. Nge2 e6 8. f4 Nd7
9. Be3 O-O 10. O-O f5 11. Rb1 Qe7 12. Qd2 Nf6 13. Kh1 Rb8 14. Bg1 a6 15. b3 Qc7
16. d4 Ne7 17. dxc5 dxc5 18. e5 Rd8 19. Qe3 Nd7 20. Rfd1 b6 21. Rd6 Kf7 22. Bf2
Bb7 23. h3 Bxg2+ 24. Kxg2 Nc6 25. Rdd1 Bh6 26. g4 Bf8 27. gxf5 gxf5 28. Qf3 Be7
29. Qh5+ Kg7 30. Rg1 Nf8 31. Rbd1 Rxd1 32. Rxd1 Rd8 33. Qf3 Rxd1 34. Nxd1 Qd7
35. Ndc3 Nb4 36. Qa8 Qc6+ 37. Qxc6 Nxc6 38. Na4 Nd7 39. Kf3 Nb4 40. Nc1 Kf7 41.
Ke2 Nc6 42. a3 a5 43. Nc3 Kg6 44. Nb5 Bd8 45. Kd3 Kh5 46. Ne2 Ne7 47. Nd6 Nc6
48. Ng1 Kg6 49. Nf3 Bc7 50. Nb5 h6 51. Bg3 Nd8 52. Na7 Nb7 53. Nc6 Bd8 54. Kc3
Kf7 55. Ne1 Bc7 56. Bh4 Ke8 57. Nd3 Nd8 58. Na7 Bb8 59. Nb5 Nc6 60. Bg3 Na7 61.
Bh4 Nc6 62. Kd2 Na7 63. Ke3 Nxb5 64. cxb5 Bc7 65. Nb2 Bd8 66. Bxd8 Kxd8 67. Nc4
Ke7 68. Nd6 Kf8 69. Kf3 Kg7 70. Kg3 Kh7 71. Kh4 Kg6 72. a4 Nf8 73. Nc8 Nd7 74.
Kg3 Kg7 75. Kf3 Kf7 76. Ke3 Ke8 77. Kd3 Kd8 78. Nd6 Ke7 79. Kc4 h5 80. Kd3 Kf8
81. Ke3 Kg7 82. Kf3 Kh6 83. Kg3 Kg6 84. Kh4 Kh6 1/2-1/2

[Event "LYM - Open Maîtres"]
[Site "Lausanne - Casino de Montbenon"]
[Date "2000.??.??"]
[Round "2"]
[White "Fedorchuk, Sergey"
[Black "Kengis, Edwins"
[Result "1-0"]
[WhiteElo "2406"]
[BlackElo "2574"]
[PlyCount "95"]
[EventDate "2000.??.??"]

1. e4 c5 2. Nf3 e6 3. d4 cxd4 4. Nxd4 a6 5. Bd3 Qb6 6. Nb3 Qc7 7. O-O Nf6 8. f4
d6 9. Be3 Nbd7 10. a4 b6 11. Nc3 Bb7 12. Qe2 Be7 13. Rae1 h6 14. Bd2 e5 15. Rf3
exf4 16. Rxf4 O-O 17. Nd4 Rfe8 18. Ref1 d5 19. Nf5 dxe4 20. Nxe4 Nxe4 21. Bxe4
Bg5 22. Rg4 Qc5+ 23. Kh1 Nf6 24. Bxg5 hxg5 25. Rxg5 Rxe4 26. Qd2 Kf8 27. Rxg7
Re6 28. Qh6 Ke8 29. Rg5 Qf8 30. Ng7+ Ke7 31. Re5 Kd7 32. Rxe6 fxe6 33. Rxf6 Qd6
34. Rf7+ Kc6 35. Qxe6 Qxe6 36. Nxe6 Rb8 37. h4 Kd6 38. Rf8 Rxf8 39. Nxf8 Be4
40. h5 Ke7 41. Ng6+ Kf6 42. c3 a5 43. Kh2 Bc6 44. g4 Bxa4 45. Kg3 Kg5 46. Ne5
Bd1 47. Nf3+ Kh6 48. Kf4 1-0

[Event "LYM - Open Maîtres"]
[Site "Lausanne - Casino de Montbenon"]
[Date "2000.??.??"]
[Round "2"]
[White "Tukmakov, Vladimir"
[Black "Rainfray, Arnaud"
[Result "1/2-1/2"]
[WhiteElo "2574"]
[BlackElo "2400"]
[PlyCount "104"]
[EventDate "2000.??.??"]

1. Nf3 d5 2. d4 Nf6 3. c4 e6 4. g3 Be7 5. Bg2 O-O 6. Qc2 a6 7. Nbd2 dxc4 8.
Nxc4 b5 9. Na5 Nd5 10. Ne5 Bb4+ 11. Bd2 c5 12. Nac6 Nxc6 13. Nxc6 Bxd2+ 14.
Kxd2 Qf6 15. Qxc5 Bb7 16. Bxd5 exd5 17. Ne5 Rfc8 18. Qa3 Qxf2 19. Qd3 Rc7 20.
Rac1 Rac8 21. Nf3 h6 22. Rxc7 Rxc7 23. Rc1 Rxc1 24. Kxc1 Bc8 25. Kd2 Qf1 26.
Qc2 Bg4 27. Qc6 Qb1 28. Qxd5 Qxb2+ 29. Ke3 Qc3+ 30. Kf4 Be6 31. Qa8+ Kh7 32.
Qxa6 Qc1+ 33. Ke4 f5+ 34. Ke5 Qe3+ 35. Kd6 Qxe2 36. Ne5 Bxa2 37. Kc5 Qc2+ 38.
Kxb5 Qb3+ 39. Kc6 Qe6+ 40. Kb7 Bd5+ 41. Ka7 Qe7+ 42. Kb6 Qd6+ 43. Kb5 Qxa6+ 44.
Kxa6 g5 45. Kb5 f4 46. gxf4 gxf4 47. Kc5 Be4 48. d5 f3 49. Ng4 Bf5 50. Nf2 Kg6
51. Kd4 Kf6 52. Ke3 Ke5 1/2-1/2

[Event "LYM - Open Maîtres"]
[Site "Lausanne - Casino de Montbenon"]
[Date "2000.??.??"]
[Round "2"]
[White "Moiseenko, Alexander"
[Black "Huss, Andreas"
[Result "1-0"]
[WhiteElo "2572"]
[BlackElo "2349"]
[PlyCount "111"]
[EventDate "2000.??.??"]

1. d4 e6 2. Nf3 Nf6 3. Bg5 Be7 4. Nbd2 d5 5. Bxf6 Bxf6 6. e4 O-O 7. e5 Be7 8.
Bd3 f5 9. c3 b6 10. Qe2 a5 11. Rc1 Ba6 12. c4 dxc4 13. Bxc4 Qd7 14. O-O Bxc4
15. Qxc4 Na6 16. Rfd1 Rfd8 17. Nb1 Ra7 18. Nc3 c6 19. Ne2 Nb4 20. Nf4 Nd5 21.
Nxd5 cxd5 22. Qc6 b5 23. Qxd7 Rdxd7 24. Rc6 Kf7 25. Rdc1 Rdb7 26. Kf1 b4 27.
Ke2 b3 28. a3 g5 29. Nd2 a4 30. Rc8 h5 31. R1c6 g4 32. Nb1 h4 33. Nc3 Bg5 34.
Kd1 Be7 35. f4 Ra5 36. Kd2 Rba7 37. Rb8 R5a6 38. Rcc8 Rd7 39. Kd3 Raa7 40. Rc6
Rdc7 41. Rxc7 Rxc7 42. Ra8 h3 43. gxh3 gxh3 44. Rh8 Rc4 45. Rxh3 Kg7 46. Rg3+
Kf7 47. Rg1 Bd8 48. Rc1 Kg6 49. Ne2 Rxc1 50. Nxc1 Kh5 51. Ke3 Kg4 52. Nd3 Be7
53. Nc5 Kh3 54. Nxa4 Kxh2 55. Nc5 Kg3 56. Nxb3 1-0

[Event "LYM - Open Maîtres"]
[Site "Lausanne - Casino de Montbenon"]
[Date "2000.??.??"]
[Round "2"]
[White "Volzhin, Alexander"
[Black "Patuzzo, Fabrizio"]
[Result "1-0"]
[WhiteElo "2553"]
[BlackElo "2299"]
[PlyCount "73"]
[EventDate "2000.??.??"]

1. d4 d6 2. e4 Nf6 3. Nc3 g6 4. Bg5 c6 5. Qd2 h6 6. Bxf6 exf6 7. Bd3 b5 8. f4
a6 9. a4 b4 10. Nce2 c5 11. Nf3 Qc7 12. c4 bxc3 13. bxc3 c4 14. Bc2 d5 15. f5
g5 16. O-O Bb7 17. Rae1 Nd7 18. exd5 O-O-O 19. Be4 Bd6 20. Qa2 Rde8 21. Ng3 h5
22. Rf2 h4 23. Nf1 g4 24. N3d2 Bxh2+ 25. Nxh2 g3 26. Rfe2 gxh2+ 27. Kh1 h3 28.
Qxc4 Rxe4 29. Qxc7+ Kxc7 30. Nxe4 Bxd5 31. c4 Bxc4 32. Rc1 Nb6 33. Nd2 Rh4 34.
Nxc4 hxg2+ 35. Rxg2 Rxd4 36. Nxb6+ Kxb6 37. Kxh2 1-0

[Event "LYM - Open Maîtres"]
[Site "Lausanne - Casino de Montbenon"]
[Date "2000.??.??"]
[Round "2"]
[White "Volokitin, Andrei"]
[Black "Zelcic, Robert"]
[Result "1-0"]
[WhiteElo "2347"]
[BlackElo "2529"]
[PlyCount "77"]
[EventDate "2000.??.??"]

1. e4 c6 2. d4 d5 3. e5 Bf5 4. Nf3 e6 5. Be2 Nd7 6. O-O Bg6 7. b3 Nh6 8. c4 Nf5
9. Nc3 Bb4 10. Bb2 O-O 11. g3 a6 12. a3 Ba5 13. h3 dxc4 14. bxc4 c5 15. d5 Nd4
16. Nxd4 cxd4 17. Qxd4 Bb6 18. Qf4 f6 19. dxe6 fxe5 20. Qd2 Nf6 21. Qxd8 Rfxd8
22. Na4 Bd4 23. Bxd4 Rxd4 24. Nc5 Rd2 25. Rfe1 Rc8 26. Nxb7 Be4 27. Na5 Rb2 28.
Rad1 Rcb8 29. c5 Rc2 30. e7 Kf7 31. Bc4+ Kxe7 32. Rxe4 Nxe4 33. Nc6+ Kf6 34.
Bd3 Rbb2 35. Bxe4 Rxf2 36. Rd6+ Kg5 37. Nxe5 g6 38. h4+ Kh6 39. Nd3 1-0

[Event "LYM - Open Maîtres"]
[Site "Lausanne - Casino de Montbenon"]
[Date "2000.??.??"]
[Round "2"]
[White "Bunzmann, Dimitri"
[Black "Turner, Matthew"
[Result "1-0"]
[WhiteElo "2502"]
[BlackElo "2486"]
[PlyCount "47"]
[EventDate "2000.??.??"]

1. d4 d5 2. c4 dxc4 3. e3 Nf6 4. Bxc4 e6 5. Nf3 c5 6. O-O a6 7. Bb3 Nc6 8. Nc3
cxd4 9. exd4 Be7 10. a3 O-O 11. Re1 Nd5 12. Qd3 b5 13. Qe4 f5 14. Qc2 Na5 15.
Nxd5 exd5 16. Bxd5+ Qxd5 17. Rxe7 Nc6 18. Rc7 Nxd4 19. Nxd4 Qxd4 20. Be3 Qf6
21. Rd1 Rd8 22. Rxd8+ Qxd8 23. Bb6 Bd7 24. Qc5 1-0

[Event "LYM - Open Maîtres"]
[Site "Lausanne - Casino de Montbenon"]
[Date "2000.??.??"]
[Round "2"]
[White "Pelletier, Yannick"
[Black "Crut, Aurélien"]
[Result "1-0"]
[WhiteElo "2478"]
[BlackElo "2251"]
[PlyCount "49"]
[EventDate "2000.??.??"]

1. Nf3 d5 2. d4 Nf6 3. c4 c6 4. e3 e6 5. Nc3 Nbd7 6. Qc2 Bd6 7. Bd3 O-O 8. O-O
dxc4 9. Bxc4 b5 10. Be2 Bb7 11. Rd1 Qc7 12. e4 e5 13. dxe5 Nxe5 14. Nd4 Ng6 15.
g3 b4 16. Nf5 Be5 17. Na4 c5 18. f3 Rac8 19. Be3 c4 20. Bc5 Qa5 21. Bxf8 Kxf8
22. Rac1 Bc6 23. Qxc4 Qxa4 24. Qc5+ Kg8 25. Qxc6 1-0

[Event "LYM - Open Maîtres"]
[Site "Lausanne - Casino de Montbenon"]
[Date "2000.??.??"]
[Round "2"]
[White "Pujos, Stephane"]
[Black "Hebden, Mark"
[Result "0-1"]
[WhiteElo "2261"]
[BlackElo "2493"]
[PlyCount "40"]
[EventDate "2000.??.??"]

1. e4 e5 2. Nf3 Nc6 3. Bb5 a6 4. Bxc6 dxc6 5. O-O Bd6 6. d4 exd4 7. Qxd4 f6 8.
c4 c5 9. Qc3 Ne7 10. Be3 O-O 11. Nbd2 Qe8 12. Rfe1 Nc6 13. Nf1 Bg4 14. N3d2 Rd8
15. f3 Be6 16. Rad1 Nb4 17. Qb3 Bd7 18. Rc1 Ba4 19. Qa3 Nd3 20. Nb1 Bc6 0-1

[Event "LYM - Open Maîtres"]
[Site "Lausanne - Casino de Montbenon"]
[Date "2000.??.??"]
[Round "2"]
[White "Midoux, Sebastien"]
[Black "Prusikin, Mihailo"
[Result "0-1"]
[WhiteElo "2241"]
[BlackElo "2429"]
[PlyCount "54"]
[EventDate "2000.??.??"]

1. e4 c5 2. Nf3 e6 3. d4 cxd4 4. Nxd4 a6 5. Bd3 Nf6 6. O-O d6 7. Qe2 Be7 8. Kh1
Nbd7 9. c4 Qc7 10. b3 Ne5 11. Bc2 O-O 12. Bb2 Bd7 13. Nc3 Rae8 14. Rac1 Ng6 15.
Bb1 Qb8 16. a4 d5 17. cxd5 exd5 18. exd5 Ng4 19. g3 Bg5 20. Qc2 Bxc1 21. Qxc1
Qe5 22. Nf3 Qh5 23. Ne4 Qxd5 24. Qc3 f6 25. h3 Rxe4 26. Bxe4 Qxe4 27. hxg4 Bxg4
0-1

[Event "LYM - Open Maîtres"]
[Site "Lausanne - Casino de Montbenon"]
[Date "2000.??.??"]
[Round "2"]
[White "Bucher, Denis"]
[Black "Kohler, Gaël"]
[Result "1-0"]
[WhiteElo "2336"]
[BlackElo "2024"]
[PlyCount "59"]
[EventDate "2000.??.??"]

1. e4 c5 2. Nf3 e6 3. d4 cxd4 4. Nxd4 a6 5. Bd3 Nc6 6. Nxc6 bxc6 7. O-O d5 8.
Nc3 Bc5 9. Qg4 g6 10. e5 Qc7 11. Re1 h5 12. Qf4 Bb7 13. Na4 Ba7 14. Bd2 Qe7 15.
c4 Nh6 16. h3 dxc4 17. Qxc4 Rd8 18. Bb4 Rd4 19. Bxe7 Rxc4 20. Bxc4 Kxe7 21. b4
c5 22. bxc5 Bc6 23. Nb6 Kd8 24. Bxa6 Kc7 25. Rab1 Rb8 26. Rec1 Nf5 27. a4 Bxb6
28. cxb6+ Rxb6 29. Bb5 Nd4 30. Rc4 1-0

[Event "LYM - Open Maîtres"]
[Site "Lausanne - Casino de Montbenon"]
[Date "2000.??.??"]
[Round "2"]
[White "Fernandez, Juan-Luis"]
[Black "Prié, Eric"
[Result "0-1"]
[WhiteElo "2286"]
[BlackElo "2501"]
[PlyCount "146"]
[EventDate "2000.??.??"]

1. c4 c6 2. e4 d5 3. cxd5 cxd5 4. exd5 Nf6 5. Nc3 Nxd5 6. d4 e6 7. Nf3 Be7 8.
Bd3 O-O 9. O-O Nc6 10. Re1 Bf6 11. Be4 Nce7 12. Ne5 Bd7 13. Ng4 Bc6 14. Qd3 Ng6
15. Nxf6+ Qxf6 16. Nxd5 Bxd5 17. Bxd5 exd5 18. g3 Rfe8 19. Bd2 Qc6 20. Rac1 Qd7
21. Qf3 Re6 22. Rxe6 fxe6 23. Qc3 Rf8 24. Qc7 Qb5 25. Qd6 Qe2 26. Be3 Qg4 27.
Kf1 h6 28. Ke1 Qe4 29. Rc7 Qb1+ 30. Kd2 Qxb2+ 31. Rc2 Qb5 32. Qxe6+ Kh7 33. h4
Rf6 34. Qc8 Ne7 35. Qc5 Qe8 36. g4 Ra6 37. Qc3 Nc6 38. Qd3+ Kg8 39. Qf5 Qf7 40.
Qxf7+ Kxf7 41. Rb2 Na5 42. Kd3 b6 43. Bc1 Nc4 44. Re2 b5 45. Kc3 Rc6 46. Kb4
Nd6 47. Ba3 Rc4+ 48. Kb3 Ne4 49. Bb4 Rxd4 50. Re3 a5 51. Bxa5 Nc5+ 52. Kc2 Ra4
53. Bb6 Ne6 54. Rb3 Rxa2+ 55. Kc3 d4+ 56. Bxd4 Ra4 57. Be3 Rxg4 58. h5 Nc7 59.
Kd3 Rh4 60. Ra3 Ne6 61. Ra7+ Kf6 62. Bc1 Rxh5 63. Bb2+ Kf5 64. Rf7+ Kg4 65. Ke3
Rh3+ 66. f3+ Kh5 67. Rf5+ Ng5 68. Bc3 Kg6 69. Rf4 Ne6 70. Rg4+ Kf7 71. Ke4 Ng5+
72. Kd5 Rxf3 73. Kd6 Rxc3 0-1

[Event "LYM - Open Maîtres"]
[Site "Lausanne - Casino de Montbenon"]
[Date "2000.??.??"]
[Round "2"]
[White "Kveinys, Aloyzas"
[Black "Firman, Nazar"]
[Result "1-0"]
[WhiteElo "2496"]
[BlackElo "2261"]
[PlyCount "109"]
[EventDate "2000.??.??"]

1. e4 e6 2. d4 d5 3. Nd2 Nf6 4. e5 Nfd7 5. c3 c5 6. Bd3 Nc6 7. Ne2 cxd4 8. cxd4
f6 9. exf6 Nxf6 10. Nf3 Bd6 11. O-O Qc7 12. Re1 O-O 13. g3 Nh5 14. Ng5 g6 15.
f4 Qb6 16. Kg2 Ng7 17. Nf3 Nf5 18. Rb1 a5 19. Bxf5 Rxf5 20. Be3 Bd7 21. Nc1 Qa6
22. Nd3 Nb4 23. Nc5 Bxc5 24. dxc5 Nd3 25. Bd4 Nxe1+ 26. Qxe1 Bb5 27. c6 Re8 28.
c7 Rc8 29. Rc1 Bd3 30. Ng5 e5 31. Bxe5 h6 32. Nf3 Be4 33. Qe3 Qe6 34. Kf2 Rf7
35. Rc3 g5 36. Qd4 Qh3 37. Qb6 g4 38. Nd2 Qxh2+ 39. Ke1 Qh1+ 40. Ke2 Qh2+ 41.
Qf2 Qh1 42. Nxe4 Qxe4+ 43. Qe3 Qg2+ 44. Ke1 Qxb2 45. Qd2 Qb6 46. Qxd5 Qb1+ 47.
Kd2 Qf5 48. Rd3 b6 49. Qc6 Kh7 50. Rd6 Qh5 51. Qe4+ Qf5 52. Qh1 h5 53. Qc6
Rfxc7 54. Rh6+ Kg8 55. Qd5+ 1-0

[Event "LYM - Open Maîtres"]
[Site "Lausanne - Casino de Montbenon"]
[Date "2000.??.??"]
[Round "2"]
[White "Yu, Mingyan"]
[Black "Perruchoud, Benoît"]
[Result "1-0"]
[WhiteElo "2419"]
[BlackElo "2228"]
[PlyCount "101"]
[EventDate "2000.??.??"]

1. d4 e6 2. c4 Nf6 3. Nc3 Bb4 4. Qc2 c5 5. dxc5 Bxc5 6. Nf3 Nc6 7. Bg5 O-O 8.
e3 Be7 9. Rd1 Qa5 10. Be2 d5 11. O-O dxc4 12. Bxc4 a6 13. a3 h6 14. Bh4 b5 15.
Ba2 Bb7 16. Bb1 g6 17. Bxf6 Bxf6 18. Ne4 Bg7 19. Nc5 Bc8 20. Qe4 Qb6 21. b4 f5
22. Qc2 Ne5 23. Nd4 Nc4 24. a4 Na3 25. Qb3 Nxb1 26. a5 Nd2 27. Rxd2 Qd6 28.
Ncxe6 Bxe6 29. Qxe6+ Qxe6 30. Nxe6 Rf6 31. Nxg7 Kxg7 32. Rc1 Re6 33. Rd4 Rae8
34. Kf1 g5 35. Rcd1 Rc8 36. Ke2 Kf6 37. R1d2 Rcc6 38. Kd1 h5 39. Rc2 h4 40.
Rxc6 Rxc6 41. Kd2 Ke6 42. h3 Kf6 43. Rd8 g4 44. Kd3 Rc4 45. Rd6+ Kg7 46. Rxa6
Rxb4 47. Rd6 Rb2 48. hxg4 fxg4 49. Rd4 Rxf2 50. Rxg4+ Kf6 51. Rf4+ 1-0

[Event "LYM - Open Maîtres"]
[Site "Lausanne - Casino de Montbenon"]
[Date "2000.??.??"]
[Round "2"]
[White "Van Blitterswijk, Stefan"
[Black "Kosteniuk, Alexandra"
[Result "1-0"]
[WhiteElo "2308"]
[BlackElo "2409"]
[PlyCount "91"]
[EventDate "2000.??.??"]

1. e4 c5 2. Nf3 Nc6 3. d4 cxd4 4. Nxd4 Nf6 5. Nc3 d6 6. Bg5 e6 7. Qd2 a6 8.
O-O-O h6 9. Be3 Bd7 10. f3 b5 11. g4 b4 12. Nce2 Ne5 13. Ng3 Rb8 14. h3 Qc7 15.
Kb1 d5 16. f4 Nc4 17. Bxc4 dxc4 18. g5 Ng8 19. Qf2 a5 20. g6 f6 21. f5 e5 22.
Ne6 Bxe6 23. fxe6 Qc6 24. Nf5 b3 25. cxb3 cxb3 26. axb3 Qxe6 27. Rd5 Ne7 28.
Nd6+ Kd7 29. Rd2 Nxg6 30. Bc5 Rg8 31. Ba3 Bxd6 32. Rxd6+ Qxd6 33. Bxd6 Kxd6 34.
Qa7 Ke6 35. Qxa5 Ne7 36. b4 Ra8 37. Qb5 Rgc8 38. Rd1 Rab8 39. Qa6+ Kf7 40. Rd7
Re8 41. Qd6 Rb5 42. Ra7 h5 43. h4 g6 44. Ra6 Kg8 45. Qe6+ Kh7 46. Qf7+ 1-0

[Event "LYM - Open Maîtres"]
[Site "Lausanne - Casino de Montbenon"]
[Date "2000.??.??"]
[Round "2"]
[White "Landenbergue, Claude"
[Black "Hindermann, Felix"]
[Result "1/2-1/2"]
[WhiteElo "2406"]
[BlackElo "2224"]
[PlyCount "91"]
[EventDate "2000.??.??"]

1. e4 e6 2. d4 d5 3. Nd2 c5 4. Ngf3 cxd4 5. Nxd4 Nf6 6. exd5 Qxd5 7. N2f3 Bd7
8. Bg5 a6 9. Bxf6 gxf6 10. g3 Nc6 11. Bg2 Nxd4 12. Qxd4 Qxd4 13. Nxd4 O-O-O 14.
O-O-O Bc5 15. Rd3 Bc6 16. Nxc6 Rxd3 17. cxd3 bxc6 18. f4 Kd7 19. Kd2 Bd4 20.
Rc1 c5 21. b3 Rb8 22. f5 a5 23. Be4 Kd6 24. Rc4 Kc7 25. g4 h6 26. Ke2 Rb4 27.
Rc2 Kd6 28. Kf3 a4 29. bxa4 Rxa4 30. Kg3 Rb4 31. Kh4 Rb2 32. Rxb2 Bxb2 33. Kh5
Bc1 34. a4 exf5 35. Bxf5 Bf4 36. h3 Kc7 37. Be4 Kb6 38. Bd5 Ka5 39. Bc6 Kb6 40.
Bd7 Ka5 41. Be8 Kb4 42. Bxf7 Kxa4 43. Kg6 Bg5 44. Kh5 Bf4 45. h4 Bg3 46. g5
1/2-1/2

[Event "LYM - Open Maîtres"]
[Site "Lausanne - Casino de Montbenon"]
[Date "2000.??.??"]
[Round "2"]
[White "Naidji, Tayeb"]
[Black "Seret, Jean-Luc"]
[Result "0-1"]
[WhiteElo "2090"]
[BlackElo "2363"]
[PlyCount "118"]
[EventDate "2000.??.??"]

1. c4 d6 2. g3 g6 3. Bg2 Bg7 4. Nc3 c5 5. d3 Nc6 6. e3 Nf6 7. Nge2 Bd7 8. O-O
Qc8 9. Nf4 Bg4 10. Qa4 O-O 11. a3 Re8 12. Bd2 Ne5 13. Qc2 Nf3+ 14. Kh1 Nxd2 15.
Qxd2 Bd7 16. b4 Bc6 17. e4 Ng4 18. b5 Bd7 19. Ncd5 Qd8 20. Rac1 e6 21. Nc3 Ne3
22. fxe3 a6 23. a4 axb5 24. axb5 Ra3 25. Nb1 Rb3 26. Qd1 Rb4 27. Qf3 Re7 28.
Qd1 Be8 29. Nd2 b6 30. Nf3 Ra7 31. Rf2 Ra3 32. d4 Qc7 33. e5 dxe5 34. dxe5 Rba4
35. Qd6 Qxd6 36. exd6 Rxe3 37. Rd1 Bd7 38. Ng5 f5 39. Bc6 Ra7 40. Bxd7 Rxd7 41.
Ra2 Bd4 42. Ra8+ Kg7 43. Rc8 Rxd6 44. Rc6 Rd7 45. Nfxe6+ Kh6 46. Rxb6 Re2 47.
Rc6 Ra7 48. b6 Raa2 49. Nxd4 cxd4 50. Rd6 Rxh2+ 51. Kg1 Rag2+ 52. Kf1 Rb2 53.
Kg1 Rhc2 54. R6xd4 Rxb6 55. Rh4+ Kxg5 56. Rf4 Rb3 57. Rf2 Rxg3+ 58. Kh2 Rgc3
59. Rg1+ Kf6 0-1

[Event "LYM - Open Maîtres"]
[Site "Lausanne - Casino de Montbenon"]
[Date "2000.??.??"]
[Round "2"]
[White "Masserey, Yvan"]
[Black "Burnier, David"]
[Result "1-0"]
[WhiteElo "2303"]
[BlackElo "2159"]
[PlyCount "103"]
[EventDate "2000.??.??"]

1. e4 e5 2. Nf3 Nc6 3. Bb5 Nf6 4. O-O Nxe4 5. d4 Nd6 6. Bxc6 dxc6 7. dxe5 Nf5
8. Qxd8+ Kxd8 9. Nc3 Ke8 10. h3 a5 11. a3 Ne7 12. Nd4 Ng6 13. Re1 Be7 14. Bd2
h5 15. Rad1 h4 16. Bc1 Rh5 17. f4 Bc5 18. Ne4 Bxd4+ 19. Rxd4 Bf5 20. g4 hxg3
21. Nxg3 Nh4 22. Nxh5 Nf3+ 23. Kf2 Nxd4 24. Nxg7+ Kf8 25. Nxf5 Nxf5 26. h4 Ke7
27. h5 Rh8 28. Rh1 Rh7 29. Kf3 Ke6 30. Rh3 c5 31. Be3 b6 32. Bf2 Rh8 33. Ke4
Rh6 34. b3 Rh7 35. c3 Rh6 36. b4 axb4 37. cxb4 cxb4 38. axb4 c5 39. b5 Ng7 40.
Ra3 f5+ 41. exf6 Nxh5 42. f5+ Kd6 43. Rd3+ Kc7 44. f7 Rf6 45. Rh3 Ng7 46. Rh7
Rxf7 47. f6 Rxf6 48. Rxg7+ Kc8 49. Bg3 Rh6 50. Kd5 Rh5+ 51. Kc6 Rh8 52. Ra7 1-0

[Event "LYM - Open Maîtres"]
[Site "Lausanne - Casino de Montbenon"]
[Date "2000.??.??"]
[Round "2"]
[White "Javet, Blaise"]
[Black "Jacot, Laurent"]
[Result "1/2-1/2"]
[WhiteElo "2071"]
[BlackElo "2241"]
[PlyCount "79"]
[EventDate "2000.??.??"]

1. e4 e6 2. d4 d5 3. Nc3 Nf6 4. Bg5 dxe4 5. Nxe4 Be7 6. Bxf6 gxf6 7. Bb5+ c6 8.
Bc4 b6 9. Qe2 Bb7 10. O-O-O Qc7 11. Nf3 Nd7 12. Kb1 O-O-O 13. Rhe1 Rhe8 14. Ba6
Nf8 15. Bxb7+ Kxb7 16. g3 Rd7 17. c4 Red8 18. Rc1 f5 19. Nc3 Bf6 20. d5 c5 21.
Nb5 Qb8 22. d6 Rxd6 23. Nxd6+ Qxd6 24. Red1 Qc7 25. Rxd8 Qxd8 26. Rd1 Qc7 27.
Qd3 Kc8 28. Ne1 Nd7 29. f4 Nb8 30. Qf3 Qc6 31. Qh5 Qe4+ 32. Nc2 Nc6 33. Qxf7
Nd4 34. Rc1 Nxc2 35. Rxc2 Qe1+ 36. Rc1 Qe4+ 37. Ka1 Qe3 38. Rb1 Bxb2+ 39. Kxb2
Qe2+ 40. Ka3 1/2-1/2

[Event "LYM - Open Maîtres"]
[Site "Lausanne - Casino de Montbenon"]
[Date "2000.??.??"]
[Round "2"]
[White "De Andrès, Jésus"]
[Black "Meyer, Harvey"]
[Result "0-1"]
[WhiteElo "2068"]
[BlackElo "2206"]
[PlyCount "46"]
[EventDate "2000.??.??"]

1. e4 c5 2. Nf3 e6 3. d4 cxd4 4. Nxd4 a6 5. c4 Nf6 6. Nc3 Bb4 7. e5 Ne4 8. Qc2
Qa5 9. Nde2 Qxe5 10. Bf4 Qf5 11. O-O-O Bxc3 12. bxc3 Nxf2 13. Qxf5 exf5 14. Rd2
Nxh1 15. Nd4 O-O 16. Bd6 Re8 17. Kd1 Nc6 18. Nxf5 g6 19. Nd4 b6 20. g3 Bb7 21.
Bh3 f5 22. g4 Nxd4 23. cxd4 Bf3+ 0-1

[Event "LYM - Open Maîtres"]
[Site "Lausanne - Casino de Montbenon"]
[Date "2000.??.??"]
[Round "2"]
[White "Goletto, Céline"]
[Black "Figeac, Aurelien"]
[Result "1-0"]
[WhiteElo "2006"]
[BlackElo "2195"]
[PlyCount "93"]
[EventDate "2000.??.??"]

1. e4 e6 2. d4 d5 3. Nd2 Nf6 4. e5 Nfd7 5. Bd3 c5 6. c3 Nc6 7. Ne2 cxd4 8. cxd4
f6 9. exf6 Qxf6 10. Nf3 h6 11. O-O Bd6 12. Ng3 O-O 13. Nh5 Qf7 14. Nh4 Nf6 15.
Bg6 Qc7 16. h3 Ne7 17. Be3 Nxg6 18. Nxg6 Rf7 19. Rc1 Qb8 20. Nxf6+ Rxf6 21. Ne5
Rf5 22. g4 Rxe5 23. dxe5 Bxe5 24. Bd4 Bf4 25. Rc3 Bd7 26. Re1 Qd6 27. Qe2 Qb4
28. Bc5 Qa5 29. b4 Qa4 30. Rf3 e5 31. a3 Bb5 32. Qb2 Re8 33. Be3 Bxe3 34. Rfxe3
d4 35. Rxe5 Rxe5 36. Rxe5 Qd1+ 37. Kh2 Bc6 38. f3 d3 39. Qa2+ Kh7 40. b5 Bxf3
41. Re8 Qc2+ 42. Qxc2 dxc2 43. Rc8 Be4 44. Rc4 Bd3 45. Rc3 Kg6 46. Kg3 Kf6 47.
Kf4 1-0

[Event "LYM - Open Maîtres"]
[Site "Lausanne - Casino de Montbenon"]
[Date "2000.??.??"]
[Round "3"]
[White "Skytte, Rasmus"
[Black "Landenbergue, Claude"
[Result "1/2-1/2"]
[WhiteElo "2346"]
[BlackElo "2406"]
[PlyCount "48"]
[EventDate "2000.??.??"]

1. e4 c5 2. c3 Nf6 3. e5 Nd5 4. d4 cxd4 5. Nf3 d6 6. Qxd4 e6 7. exd6 Qxd6 8.
Na3 Nc6 9. Qe4 a6 10. Nc4 Qc7 11. a4 Be7 12. g3 O-O 13. Bg2 Bd7 14. O-O b5 15.
Nce5 Nxe5 16. Nxe5 Rad8 17. axb5 axb5 18. Nxd7 Rxd7 19. Qe2 Qb6 20. Rd1 Rfd8
21. Bxd5 Rxd5 22. Be3 Rxd1+ 23. Rxd1 Rxd1+ 24. Qxd1 Qc6 1/2-1/2

[Event "LYM - Open Maîtres"]
[Site "Lausanne - Casino de Montbenon"]
[Date "2000.??.??"]
[Round "3"]
[White "Volokitin, Andrei"
[Black "Kveinys, Aloyzas"]
[Result "1-0"]
[WhiteElo "2347"]
[BlackElo "2496"]
[PlyCount "119"]
[EventDate "2000.??.??"]

1. e4 c5 2. Nf3 e6 3. d4 cxd4 4. Nxd4 a6 5. Nc3 b5 6. Bd3 Qb6 7. Be3 Bc5 8. Be2
Nc6 9. Nxc6 Bxe3 10. fxe3 dxc6 11. Qd4 Qxd4 12. exd4 e5 13. dxe5 Ne7 14. a4 Rb8
15. axb5 axb5 16. Bh5 Ng6 17. Bxg6 hxg6 18. Ra7 Rh5 19. O-O Be6 20. Rc7 b4 21.
Ne2 Bc4 22. Re1 Rxe5 23. Nd4 Rd8 24. c3 bxc3 25. Nxc6 Rb5 26. b3 Bxb3 27. Nxd8
Kxd8 28. Rxc3 Be6 29. Ra1 Ke7 30. h3 Kf6 31. Kf2 g5 32. Kf3 g4+ 33. hxg4 Kg5
34. Kg3 Re5 35. Ra4 Bxg4 36. Rac4 Be2 37. Rc5 Kf6 38. Rxe5 Kxe5 39. Rc7 Kf6 40.
e5+ Ke6 41. Kf4 Bd3 42. Rc8 Bb1 43. Re8+ Kd7 44. Rg8 g6 45. Rb8 Ba2 46. Rb6 Ke7
47. Kg5 Bc4 48. Kh6 Kf8 49. g3 Bd5 50. Rb5 Bc4 51. Rb8+ Ke7 52. Kg7 Ke6 53.
Re8+ Kf5 54. Re7 g5 55. g4+ Kxg4 56. Rxf7 Kh3 57. Rc7 Bd5 58. Kf6 g4 59. Kf5 g3
60. Kf4 1-0